<?xml version="1.0" encoding="UTF-8"?>
<collection xmlns="http://www.loc.gov/MARC21/slim">
 <record>
  <leader>01645nam a22002537a 4500</leader>
  <controlfield tag="001">NCT_19685</controlfield>
  <controlfield tag="008">171111b        xxu||||| |||| 00| 0 vie d</controlfield>
  <datafield tag="999" ind1=" " ind2=" ">
   <subfield code="c">936</subfield>
   <subfield code="d">936</subfield>
  </datafield>
  <datafield tag="020" ind1=" " ind2=" ">
   <subfield code="a">9786047334599</subfield>
   <subfield code="c">65000</subfield>
  </datafield>
  <datafield tag="082" ind1="1" ind2="4">
   <subfield code="2">22nd ed.</subfield>
   <subfield code="a">005.3</subfield>
   <subfield code="b">Ch125</subfield>
  </datafield>
  <datafield tag="100" ind1="1" ind2=" ">
   <subfield code="a">Swenson, Pat</subfield>
  </datafield>
  <datafield tag="245" ind1="1" ind2="0">
   <subfield code="a">Giảng dạy trực tuyến trong thời đại số</subfield>
   <subfield code="b">Online Teaching in the Digital Age</subfield>
   <subfield code="c">Pat Swenson, Nancy A. Taylor</subfield>
  </datafield>
  <datafield tag="260" ind1=" " ind2=" ">
   <subfield code="a">TP. Hồ Chí Minh</subfield>
   <subfield code="b">Nxb. Đại học Quốc Gia thành phố Hồ Chí Minh</subfield>
   <subfield code="c">2015</subfield>
  </datafield>
  <datafield tag="300" ind1=" " ind2=" ">
   <subfield code="a">189tr.</subfield>
   <subfield code="c">18 cm</subfield>
  </datafield>
  <datafield tag="520" ind1="3" ind2=" ">
   <subfield code="a">Giảng dạy trực tuyến trong thời đại số cung cấp những kiến thức cơ bản cần thiết để phát triển và giảng dạy một khóa học trực tuyến một cách thành công cho các giáo viên.</subfield>
  </datafield>
  <datafield tag="653" ind1=" " ind2=" ">
   <subfield code="a">Công nghệ Thông tin</subfield>
  </datafield>
  <datafield tag="700" ind1="1" ind2="0">
   <subfield code="a">Taylor, Nancy A.</subfield>
  </datafield>
  <datafield tag="700" ind1="1" ind2="0">
   <subfield code="a">Bùi Thanh Châu</subfield>
   <subfield code="e">dịch</subfield>
  </datafield>
  <datafield tag="942" ind1=" " ind2=" ">
   <subfield code="2">ddc</subfield>
   <subfield code="c">BK</subfield>
  </datafield>
  <datafield tag="952" ind1=" " ind2=" ">
   <subfield code="0">0</subfield>
   <subfield code="1">0</subfield>
   <subfield code="2">ddc</subfield>
   <subfield code="4">0</subfield>
   <subfield code="6">005_300000000000000_CH_125</subfield>
   <subfield code="7">0</subfield>
   <subfield code="9">3354</subfield>
   <subfield code="a">000001</subfield>
   <subfield code="b">000001</subfield>
   <subfield code="d">2017-11-11</subfield>
   <subfield code="o">005.3 Ch.125</subfield>
   <subfield code="p">MD.01689</subfield>
   <subfield code="r">2017-11-11</subfield>
   <subfield code="v">65000.00</subfield>
   <subfield code="w">2017-11-11</subfield>
   <subfield code="y">BK</subfield>
  </datafield>
  <datafield tag="952" ind1=" " ind2=" ">
   <subfield code="0">0</subfield>
   <subfield code="1">0</subfield>
   <subfield code="2">ddc</subfield>
   <subfield code="4">0</subfield>
   <subfield code="6">005_300000000000000_CH_125</subfield>
   <subfield code="7">0</subfield>
   <subfield code="9">3355</subfield>
   <subfield code="a">000001</subfield>
   <subfield code="b">000001</subfield>
   <subfield code="d">2017-11-11</subfield>
   <subfield code="o">005.3 Ch.125</subfield>
   <subfield code="p">MD.01690</subfield>
   <subfield code="r">2017-11-11</subfield>
   <subfield code="v">65000.00</subfield>
   <subfield code="w">2017-11-11</subfield>
   <subfield code="y">BK</subfield>
  </datafield>
  <datafield tag="952" ind1=" " ind2=" ">
   <subfield code="0">0</subfield>
   <subfield code="1">0</subfield>
   <subfield code="2">ddc</subfield>
   <subfield code="4">0</subfield>
   <subfield code="6">005_300000000000000_CH_125</subfield>
   <subfield code="7">0</subfield>
   <subfield code="9">3356</subfield>
   <subfield code="a">000001</subfield>
   <subfield code="b">000001</subfield>
   <subfield code="d">2017-11-11</subfield>
   <subfield code="o">005.3 Ch.125</subfield>
   <subfield code="p">MD.01692</subfield>
   <subfield code="r">2017-12-18</subfield>
   <subfield code="v">65000.00</subfield>
   <subfield code="w">2017-11-11</subfield>
   <subfield code="y">BK</subfield>
  </datafield>
  <datafield tag="952" ind1=" " ind2=" ">
   <subfield code="0">0</subfield>
   <subfield code="1">0</subfield>
   <subfield code="2">ddc</subfield>
   <subfield code="4">0</subfield>
   <subfield code="6">005_300000000000000_CH_125</subfield>
   <subfield code="7">0</subfield>
   <subfield code="9">3357</subfield>
   <subfield code="a">000001</subfield>
   <subfield code="b">000001</subfield>
   <subfield code="d">2017-11-11</subfield>
   <subfield code="o">005.3 Ch.125</subfield>
   <subfield code="p">MD.01693</subfield>
   <subfield code="r">2017-11-11</subfield>
   <subfield code="v">65000.00</subfield>
   <subfield code="w">2017-11-11</subfield>
   <subfield code="y">BK</subfield>
  </datafield>
  <datafield tag="980" ind1=" " ind2=" ">
   <subfield code="a">Thư viện Trường Đại học Nam Cần Thơ</subfield>
  </datafield>
 </record>
</collection>
